Normal view
MARC view
- تأليف عبدالرحيم، علي، م.مشارك: يوسف العادلي، محمد العظمة
Entry Personal Name
001 - CONTROL NUMBER
- control field: 45734
003 - CONTROL NUMBER IDENTIFIER
- control field: JO-AjAnu
005 - DATE AND TIME OF LATEST TRANSACTION
- control field: 20230606081549.0
008 - FIXED-LENGTH DATA ELEMENTS
- fixed length control field: 230606|| aca||aabn | a|a d
040 ## - CATALOGING SOURCE
- Original cataloging agency: JO-AjAnu
- Transcribing agency: JO-AjAnu
100 ## - HEADING--PERSONAL NAME
- Personal name: تأليف عبدالرحيم، علي، م.مشارك: يوسف العادلي، محمد العظمة
670 ## - SOURCE DATA FOUND
- Source citation: Work cat.: (JO-AjAnu)23414: تأليف عبدالرحيم، علي، م.مشارك: يوسف العادلي، محمد العظمة, author, اساسيات التكاليف والمحاسبة الادارية